=LDR 00000nam 2200000 4500 =001 INLIS000000000052361 =005 20200306035913 =035 ##$$a 0010-0218000057 =007 ta =008 200306################g##########0#ind## =020 ##$$a 978-602-317-285-6 =082 ##$$a 297.679 =084 ##$$a 297.679 ICH i =100 #$$a Ichsan Yudya =245 1#$$a Islamic healing art : $b A. coloring book /$c Ichsan Yudya; Penyunting, Erlina Zachi Syaiful M. Hamzah =260 ##$$a Surakarta :$b Al-Qudwah,$c 2016 =300 ##$$a 80 hlm. : $b ilus. ; $c 17 x 24 cm =650 #4$$a Kaligrafi =700 #$$a Erlina Zachi Syaiful M. Hamzah =990 ##$$a 21708260 =990 ##$$a 21708259 =990 ##$$a 21708258 =990 ##$$a 21708257 =990 ##$$a 21708256